00621nam a2200169Ia 4500008004100000100001800041245014400059245001800203260005900221260000900280300001100289650001800300650001500318856002600333999001900359952007300378170221s9999 xx 000 0 und d aFunda Erzurum aHealth Communication through Social MediaEvaluation of Communication Opportunities Offered By Social Networks to Health Care Institutions  cFunda Erzurum bOnline Journal of Communication and Media Technologies c2014 a34 : 8 xCommunication xMedia Arts uhttp://www.ojcmt.net/ c310836d310836 001040aCLbCLd2017-02-21l0r2017-02-21 00:00:00w2017-02-21yFOJ